Размисли за мениджмънта (Запис номер 1520)
[ съкратено ]
| 000 -Лидер | |
|---|---|
| Контролно поле с фиксирана дължина | 01628nam a2200409 a 4500 |
| 003 - Код на организацията, давaща контролен номер | |
| Контролно поле | BLK |
| 005 - Дата и час на последна редакция | |
| Контролно поле | 20240119094004.0 |
| 008 - Елементи от данни с фиксирана дължина | |
| fixed length control field | 180412b bul|||||r ||||||| ||bul|| |
| 010 ## - Наследен системен номер | |
| LC control number | KNG00002356000 |
| 020 ## - Международен стандартен номер на книга ISBN | |
| Международен стандартен номер на книга ISBN | 954-494-107-X |
| 040 ## - Източник на каталожния запис | |
| Идентификатор на билиотеката - собственик на записа | BLK |
| 041 ## - Код за език | |
| Код за езика на текст/звукозапис или на отделно заглавие | Български |
| Код за езика КДБФ | Български |
| 080 ## - УДК | |
| Текстов определител УДК | Методи на управление. Мениджмънт. Анализи, планиране, ръководство, сътрудничество, контрол, коопериране и др. |
| УДК код - определител по УДК | 005.5 |
| УДК - код + определител | 005.5 |
| 100 1# - Редна дума - Автор | |
| Автор | Левит, Тиодор |
| Авторска отговорност | първи автор |
| R(LIN) | 244356 |
| 139 ## - Редно поле | |
| Редна дума | Левит, Тиодор |
| Авторски знак | Лев - Л 35 |
| 245 10 - Сведения за заглавието | |
| Заглавие | Размисли за мениджмънта |
| Редно поле (дума) | Тиодор Левит; прев. от англ. Ангелина Парушева. |
| 257 ## - Страна на издаване | |
| Страна на създаване/издаване | Съединени американски щати |
| 260 ## - Област на издателските данни | |
| Място на издаване, разпространение и проч. | София |
| Име на издателя, разпространителя и проч. | Унив. изд. Стопанство |
| Година на издаване | 1994 |
| 300 ## - Физическа характеристика | |
| Страници | 166 с. |
| Размери/Мащаб | 22 см |
| 380 ## - Жанр | |
| Жанр | Общ отдел |
| 490 ## - СЕРИИ (Колекции) | |
| Име на серия | Съвременна икономическа мисъл |
| 500 ## - Общи забележки | |
| Забележка | Ориг. загл. Thinking about management / Theodore Levitt. - 3 051 тир. |
| 650 #4 - Допълнително описание по предмет – тема | |
| Основно описание – тема или топоним | Управление |
| 9 (RLIN) | 174669 |
| 650 #4 - Допълнително описание по предмет – тема | |
| Основно описание – тема или топоним | Управленски труд |
| 9 (RLIN) | 244358 |
| 650 #4 - Допълнително описание по предмет – тема | |
| Основно описание – тема или топоним | Управленско решение |
| 9 (RLIN) | 244359 |
| 650 #4 - Допълнително описание по предмет – тема | |
| Основно описание – тема или топоним | Ръководител |
| 9 (RLIN) | 170062 |
| 653 ## - Ключова дума – ненормативна | |
| Ключова дума | мениджмънт |
| 700 1# - Други автори (авторска отговорност) | |
| Лично име | Парушева, Ангелина |
| Автороска отговорност (Описва отношението между автора и произведението) | прев. от англ. |
| 9 (RLIN) | 244357 |
| 852 ## - Местоположение | |
| Форматна сигнатура | Цб 178865 |
| Фондова буква | Хранилище |
| 856 4# - Електронен адрес и достъп | |
| Електронен формат | pdf - файл |
| Път до файла /url/ | |
| 856 4# - Електронен адрес и достъп | |
| Електронен формат | pdf - файл |
| Път до файла /url/ | |
| 942 ## - АРТИКУЛИ | |
| Вид на библиотечния материал | Книги |
| Скрит в OPAC | Не |
| Koha issues (borrowed), all copies | 1 |
| Периодичен библиозапис | Да |
| 944 ## - СЪЗДАВАНЕ И РЕДАКЦИЯ на ЗАПИСА | |
| Създаване/Редакция | Създаване |
| Дата на регистрацията/редакция | 15.01.2003 |
| Служител, извършил регистрацията/редакцията | 30534 |
| Статус, дата на статуса | Радостина Карадакова |
| 944 ## - СЪЗДАВАНЕ И РЕДАКЦИЯ на ЗАПИСА | |
| Създаване/Редакция | Редакция |
| Дата на регистрацията/редакция | 15.01.2003 |
| 999 ## - СИСТЕМНИ КОНТРОЛНИ НОМЕРА | |
| Koha biblionumber | 1520 |
| Koha biblioitemnumber | 1520 |
| 999 ## - СИСТЕМНИ КОНТРОЛНИ НОМЕРА | |
| Koha biblioitemnumber | 1520 |
| 999 ## - СИСТЕМНИ КОНТРОЛНИ НОМЕРА | |
| Koha biblioitemnumber | 1520 |
| Код за отписване | Код за изгубен артикул | Източник на класификационната схема | Код за повреда | Коз за рестрикции | Код за отдаване | Артикулен № | Име на библиотеката - собственик | Име на библиотеката, в която се намира в момента | Статус (Текущо местоположение) | Дата на вписване в системата | Местоположение - отдел | Цена в лева | Инвентарен номер | Систематично азбучна сигнатура | Баркод | Номер на екземпляра | Цена в евро | Служебна бележка | Служебен тип на артикула |
|---|---|---|---|---|---|---|---|---|---|---|---|---|---|---|---|---|---|---|---|
| Изтеглен | Не е изгубен | Universal Decimal Classification | Не е повреден | без рестрикции | заемане за дома | 2955 | Регионална библиотека "Любен Каравелов" Русе | Регионална библиотека "Любен Каравелов" Русе | Заемна - подръчен фонд | 2001-01-01 | Заемна - подръчен фонд | 0.80 | 608813 | 005.5/Л 35 | 120000608813 | 1 | 0.41 | Дост: Pk Вид: Ф N: стар фонд Дата инв: 06.02.2018 Бележки инв: П2018 | Книги |
| Не е изгубен | Universal Decimal Classification | Не е повреден | без рестрикции | заемане за дома | 2956 | Регионална библиотека "Любен Каравелов" Русе | Регионална библиотека "Любен Каравелов" Русе | Заемна - подръчен фонд | 2001-01-01 | Заемна - подръчен фонд | 0.36 | 608814 | 005.5/Л 35 | 120000608814 | 2 | 0.18 | Дост: Pk Вид: Ф N: стар фонд | Книги | |
| Изтеглен | Не е изгубен | Universal Decimal Classification | Не е повреден | без рестрикции | заемане за дома | 2957 | Регионална библиотека "Любен Каравелов" Русе | Регионална библиотека "Любен Каравелов" Русе | Заемна - подръчен фонд | 2002-09-24 | Заемна - подръчен фонд | 4.00 | 120000672393 | П 65.012/Л 35 | 120000672393 | 3 | 2.05 | Дост: DA Вид: А N: 35 Дата: 24.09.2002 | Книги |
| Не е изгубен | Universal Decimal Classification | Не е повреден | без рестрикции | ползва се в читалня | 2958 | Регионална библиотека "Любен Каравелов" Русе | Регионална библиотека "Любен Каравелов" Русе | Хранилище | 1994-01-01 | Хранилище | 0.80 | 603263 | Цб 178865 | 120000603263 | 4 | 0.41 | Дост: Dp Вид: Д N: стар фонд Дата: 01.01.1994 Дата инв: 01.09.2015 Бележки инв: Цб2015 | Книги |